00000000nam##2200000za#4500
0019.681329
003CaOODSP
00520200401053926
007ta
008150407|2000||||xxc|||||     f|0| 0 fre|d
020 |a0-662-29629-X
040 |aCaOODSP|bfre
043 |an-cn---
0861 |aEn40-611/2000F
1101 |aCanada. |bEnvironnement Canada.
24510|aApproche fédérale en matière de lieux contaminés / |cPar le Groupe de travail sur la gestion des lieux contaminés.
260 |aOttawa - Ontario : |bEnvironnement Canada |c2000.
300 |aiv, 62p. : |bréférences ; |c28 cm.
500 |aDonnées de catalogage avant publication (Canada) imprimées dans cette publication. N.B.: Le numéro de catalogue (EN40-611/2000) et le numéro ISBN (0-662-65363-7) imprimés dans cette publication sont incorrects. «La présent Approche vise à soutenir et à enrichir la politique du GTGLC. Elle permettra d'aider le GTGLC dans l'accomplissement de son mandat consistant à élaborer une démarche uniforme et cohérente à l'échelle du gouvernement en matière de gestion des lieux contaminés.»--Page 5.
563 |aReliure à anneaux
590 |a01-03|b2001-01-19
69107|aContamination|2gcpds
69107|aPolitique environnementale|2gcpds
69107|aLutte contre la pollution|2gcpds
77508|tA federal approach to contaminated sites / |w(CaOODSP)9.647948
7760#|tApproche fédérale en matière de lieux contaminés / |w(CaOODSP)9.640290